Návrh smart komponentov pre priemyselné roboty v prostredí ABB RoboStudio

Gespeichert in:
Bibliographische Detailangaben
1. Verfasser: Hudcovský, Martin (Verfasst von)
Weitere Verfasser: Ružarovský, Roman (Betreuung Doktorarbeit)
Format: Manuskript Buch
Sprache:Slowakisch
Veröffentlicht: 2021
Schlagworte:
Online-Zugang:http://is.stuba.sk/zp/portal_zp.pl?podrobnosti=153178
Tags: Tag hinzufügen
Keine Tags, Fügen Sie das erste Tag hinzu!

MARC

LEADER 00000ntm a22000003a 4500
001 stuzp84224
003 SK-STU
005 20210703212548.5
007 ta
008 150427s2015----xo-----f-mn---000-0-slo-d
040 |a STU  |b slo 
041 0 |a slo 
100 1 |a Hudcovský, Martin  |u 066000  |4 aut  |U MTF Materiálovotechnologická fakulta  |T MTF Ústav aplikovanej informatiky, automatizácie a mechatroniky  |X 99570  |U M6000  |Y 86  |7 99570 
242 0 1 |a Design of smart components for industrial robots in the ABB RobotStudio  |y eng 
245 1 0 |a Návrh smart komponentov pre priemyselné roboty v prostredí ABB RoboStudio 
260 |c 2021 
650 4 |a simulácia  |2 slo 
650 4 |a smart komponent  |2 slo 
650 4 |a mechanizmus  |2 slo 
650 4 |a priemyselný robot  |2 slo 
650 4 |a RobotStudio  |2 slo 
650 4 |a offline programovanie  |2 slo 
650 4 |a mechanism  |2 eng 
650 4 |a industrial robot  |2 eng 
650 4 |a RobotStudio  |2 eng 
650 4 |a smart component  |2 eng 
650 4 |a offline programming  |2 eng 
650 4 |a simulation  |2 eng 
700 1 |a Ružarovský, Roman  |u 063800  |k Z1  |4 ths  |U MTF Ústav výrobných technológií  |T MTF Katedra výrobných zariadení a systémov  |X 30883  |U M3800  |Y 660  |7 A000030883 
856 4 |u http://is.stuba.sk/zp/portal_zp.pl?podrobnosti=153178 
996 |c M* BP-9085  |l MMSKP  |s P  |a 0  |w stuzp84224_0001